| 000 | 01235nam a2200265 a 4500 | ||
|---|---|---|---|
| 001 | 39558 | ||
| 003 | BD-RjUL | ||
| 005 | 20220616101459.0 | ||
| 008 | 160412r20172011bg ||||| |||| 001 0 ben d | ||
| 020 |
_a9847000001481 _c: Tk. 300.00 |
||
| 035 | _a(BD-RjUL) 39671 | ||
| 040 |
_aBD-RjUL _bben _cBD-RjUL |
||
| 041 |
_aben _aeng |
||
| 082 |
_a305.552 _223 _bDEB 2011 |
||
| 100 |
_aদে, অমলেন্দু _9121806 |
||
| 245 | 1 | 0 |
_aবাঙালি বুদ্ধিজীবী ও বিচ্ছিন্নতাবাদ / _cঅমলেন্দু দে |
| 260 |
_aঢাকা : _bজাতীয় সাহিত্য প্রকাশ, _c২০১১, [মুদ্রণ ২০১৭] |
||
| 300 |
_a[১৩], ২২৬ পৃ. ; _c২২ সেমি. |
||
| 500 | _aপরিশিষ্ট ও নির্দেশিকা সংযুক্ত | ||
| 650 |
_aবুদ্ধিজীবী _xমনোভাব _zবাংলাদেশ _9122663 |
||
| 650 |
_aIntellectuals _xAttitudes _zBangladesh _9122664 |
||
| 650 |
_aবাংলা সাহিত্য _xউপলব্ধি _zবাংলাদেশ _9122665 |
||
| 650 |
_aBengali literature _xAppreciation _zBangladesh _9122666 |
||
| 942 |
_2ddc _cBK |
||
| 999 |
_c39558 _d39558 |
||